[Event "Mario Desautels mem-A"]
[Site "Gatineau CAN"]
[Date "1998.09.15"]
[Round "1"]
[White "Cote, Jacques"]
[Black "Groleau, Gilles"]
[Result "1-0"]
[WhiteElo "1988"]
[BlackElo "1991"]
[PlyCount "117"]
[GameId "2160767911806357"]
[EventDate "1998.09.15"]
[EventType "tourn"]
[EventRounds "5"]
[EventCountry "CAN"]

1. e4 c5 2. Nf3 e6 3. d4 cxd4 4. Nxd4 Nf6 5. Bd3 Nc6 6. Be3 a6 7. Nd2 Qc7 8. c3 Be7 9. f4 b5 10. O-O Bb7 11. g4 d5 12. e5 Nd7 13. Rc1 Rc8 14. g5 Nxd4 15. cxd4 Qxc1 16. Qxc1 Rxc1 17. Rxc1 Bd8 18. Nb3 Bb6 19. Nc5 Nxc5 20. dxc5 Ba7 21. Kf2 Bc6 22. h4 Ke7 23. h5 g6 24. Bd4 h6 25. hxg6 hxg5 26. Rh1 Rg8 27. fxg5 Rg7 28. Rh7 Kf8 29. Rh8+ Rg8 30. Rxg8+ Kxg8 31. gxf7+ Kxf7 32. b4 Bb8 33. Kg3 Bc7 34. Kh4 Kg7 35. a4 Be8 36. Be2 Bc6 37. axb5 axb5 38. Bh5 Bd7 39. Kg4 Bc6 40. Kf4 Bd7 41. Bc3 Bd8 42. Bd2 Bc7 43. Be3 Bc6 44. Bg4 Kf7 45. g6+ Kxg6 46. Bxe6 Bd8 47. Kg4 Bc7 48. Bf4 Bd8 49. Bf5+ Kg7 50. Bg5 Bxg5 51. Kxg5 Kf7 52. Kf4 Ke7 53. Ke3 Kf7 54. Kd4 Ke7 55. Bc8 Kf7 56. e6+ Ke7 57. Bd7 Bxd7 58. exd7 Kxd7 59. Kxd5 1-0

[Event "Mario Desautels mem-A"]
[Site "Gatineau CAN"]
[Date "1998.09.15"]
[Round "1"]
[White "Duquette, Patrick"]
[Black "Gagnon, Fabien"]
[Result "0-1"]
[WhiteElo "1913"]
[BlackElo "2055"]
[PlyCount "86"]
[GameId "2160767911806358"]
[EventDate "1998.09.15"]
[EventType "tourn"]
[EventRounds "5"]
[EventCountry "CAN"]

1. d4 f5 2. Nf3 Nf6 3. g3 e6 4. Bg2 d5 5. c4 c6 6. O-O Bd6 7. b3 Qe7 8. Bb2 b6 9. Nbd2 Bb7 10. Ne5 Nbd7 11. Ndf3 Ne4 12. Rc1 O-O 13. cxd5 cxd5 14. Qd3 Ndf6 15. e3 Qe8 16. Nd2 a5 17. Qc2 Ba6 18. Rfd1 Rc8 19. Qb1 Qh5 20. f3 Ng5 21. Rxc8 Rxc8 22. h4 Nf7 23. Rc1 Rd8 24. Rc6 Qh6 25. Qe1 Nh5 26. Rxb6 Nxe5 27. dxe5 Bc5 28. Rxa6 Bxe3+ 29. Kh2 Bxd2 30. Qd1 Bb4 31. Bd4 f4 32. g4 Ng3 33. h5 Rc8 34. Bf2 Qg5 35. Bd4 Qh4+ 36. Bh3 Ba3 37. Rxa5 Rc1 38. Qxc1 Bxc1 39. Bc5 Nf1+ 40. Kg2 Qg3+ 41. Kxf1 Qxh3+ 42. Ke2 Qg2+ 43. Ke1 Qd2+ 0-1

[Event "Mario Desautels mem-A"]
[Site "Gatineau CAN"]
[Date "1998.09.15"]
[Round "1"]
[White "Duquette, Patrick"]
[Black "Laurin, Jacques"]
[Result "1-0"]
[WhiteElo "1913"]
[BlackElo "1929"]
[PlyCount "115"]
[GameId "2160767911806359"]
[EventDate "1998.09.15"]
[EventType "tourn"]
[EventRounds "5"]
[EventCountry "CAN"]

1. d4 f5 2. g3 Nf6 3. Bg2 e6 4. Nf3 Be7 5. O-O d5 6. c4 c6 7. b3 Ne4 8. Ba3 O-O 9. Bxe7 Qxe7 10. Qc2 Na6 11. a3 Bd7 12. Nbd2 Rf6 13. Ne5 Be8 14. Nxe4 fxe4 15. f3 exf3 16. exf3 Nc7 17. c5 Rh6 18. Qd2 Bg6 19. Nxg6 Rxg6 20. Rae1 Qf6 21. Re5 Rh6 22. Qd3 b6 23. b4 bxc5 24. bxc5 a5 25. Rb1 Na6 26. f4 Qe7 27. Rb6 Nxc5 28. dxc5 Qxc5+ 29. Qe3 Qxe3+ 30. Rxe3 Rc8 31. h4 Rc7 32. Bh3 Kf7 33. Ra6 d4 34. Rd3 c5 35. Rxa5 Ke7 36. Bg2 e5 37. fxe5 Rb6 38. Ra4 Ke6 39. Rc4 Rb1+ 40. Kh2 Rb2 41. Kh3 Ra2 42. Rdxd4 Rxa3 43. Rd6+ Kxe5 44. Rd5+ Ke6 45. Rdxc5 Rxc5 46. Rxc5 Re3 47. Kg4 g6 48. Kf4 Rd3 49. Rc7 h6 50. Rc6+ Kf7 51. g4 Rd4+ 52. Be4 Rb4 53. Ke5 Rb5+ 54. Kd4 Rb4+ 55. Kd5 g5 56. Rxh6 gxh4 57. Rxh4 Kf6 58. Bf5 1-0

[Event "Mario Desautels mem-A"]
[Site "Gatineau CAN"]
[Date "1998.09.22"]
[Round "2"]
[White "Arsenault, Michel"]
[Black "Gagnon, Fabien"]
[Result "1-0"]
[WhiteElo "1867"]
[BlackElo "2055"]
[PlyCount "89"]
[GameId "2160767911806361"]
[EventDate "1998.09.15"]
[EventType "tourn"]
[EventRounds "5"]
[EventCountry "CAN"]

1. c4 e6 2. Nf3 d5 3. b3 Nf6 4. g3 c5 5. Bb2 Nc6 6. Bg2 Be7 7. O-O d4 8. d3 O-O 9. e4 e5 10. Nh4 g6 11. Bc1 Ne8 12. Bh6 Ng7 13. f4 Bxh4 14. gxh4 exf4 15. Bxg7 Kxg7 16. Rxf4 Ne5 17. Na3 f5 18. Nc2 fxe4 19. Rxe4 Nxd3 20. Qxd3 Bf5 21. Rae1 Bxe4 22. Qxe4 Qc7 23. Qxb7 Qxb7 24. Bxb7 Rae8 25. Rxe8 Rxe8 26. Kf2 Re6 27. Ne1 Re3 28. Bf3 Rc3 29. Be2 a5 30. Nd3 a4 31. Nxc5 axb3 32. axb3 Kf6 33. b4 Rc2 34. Kf3 Ke7 35. h3 Rb2 36. Nd3 Rd2 37. Nf4 Kd6 38. Ke4 h6 39. Bd3 Rb2 40. b5 g5 41. hxg5 hxg5 42. Ne2 Kc5 43. Nxd4 Rg2 44. Nb3+ Kb4 45. b6 1-0

[Event "Mario Desautels mem-A"]
[Site "Gatineau CAN"]
[Date "1998.09.22"]
[Round "2"]
[White "Groleau, Gilles"]
[Black "Duquette, Patrick"]
[Result "1/2-1/2"]
[WhiteElo "1991"]
[BlackElo "1913"]
[PlyCount "102"]
[GameId "2160767911806362"]
[EventDate "1998.09.15"]
[EventType "tourn"]
[EventRounds "5"]
[EventCountry "CAN"]

1. e4 c5 2. Nf3 d6 3. Bb5+ Nd7 4. O-O a6 5. Be2 Ngf6 6. Nc3 e6 7. Re1 Be7 8. d4 cxd4 9. Qxd4 O-O 10. Bg5 Qc7 11. Rad1 b5 12. Bf1 Bb7 13. e5 dxe5 14. Nxe5 Nxe5 15. Qxe5 Qxe5 16. Rxe5 Rfd8 17. Ree1 Kf8 18. Be2 Ke8 19. Rxd8+ Rxd8 20. Rd1 Rxd1+ 21. Bxd1 Kd7 22. Kf1 Bc6 23. Be2 h6 24. Bd2 Ne4 25. Nxe4 Bxe4 26. c3 Bd5 27. a4 Kc6 28. axb5+ axb5 29. g3 Bd6 30. Be3 Bc5 31. Bxc5 Kxc5 32. b4+ Kc6 33. Ke1 e5 34. Kd2 f5 35. Bh5 g5 36. Be8+ Kb6 37. Bd7 f4 38. Kd3 Ka6 39. gxf4 gxf4 40. Bf5 Kb6 41. Be4 Bc4+ 42. Kd2 Be6 43. Ke2 Kc7 44. Bd3 Bg4+ 45. Kd2 Bd7 46. Bg6 Be6 47. Kd3 Bd5 48. Be8 Kb6 49. Bd7 Ka6 50. Ke2 Kb6 51. Be8 Ka6 1/2-1/2

[Event "Mario Desautels mem-A"]
[Site "Gatineau CAN"]
[Date "1998.09.22"]
[Round "2"]
[White "Laurin, Jacques"]
[Black "Cote, Jacques"]
[Result "1-0"]
[WhiteElo "1929"]
[BlackElo "1988"]
[PlyCount "59"]
[GameId "2160767911806363"]
[EventDate "1998.09.15"]
[EventType "tourn"]
[EventRounds "5"]
[EventCountry "CAN"]

1. c4 Nf6 2. g3 d5 3. Bg2 c6 4. cxd5 cxd5 5. Nf3 Nc6 6. d4 Bf5 7. a3 Rc8 8. Nc3 h6 9. O-O e6 10. Qa4 Bd6 11. Nb5 Bb8 12. Ne5 a6 13. Nc3 Bxe5 14. dxe5 Ng4 15. Bf4 O-O 16. e4 dxe4 17. Nxe4 Ncxe5 18. Qb3 b5 19. h3 Nf6 20. Rad1 Qe7 21. Bxe5 Nxe4 22. Qe3 Qc5 23. Bd4 Qc6 24. Rfe1 e5 25. Bxe5 Qc5 26. Bd4 Qc6 27. Qf4 Rfe8 28. Qxf5 Qc2 29. Bxe4 Rxe4 30. Qxe4 1-0

[Event "Mario Desautels mem-A"]
[Site "Gatineau CAN"]
[Date "1998.09.29"]
[Round "3"]
[White "Cote, Jacques"]
[Black "Arsenault, Michel"]
[Result "1-0"]
[WhiteElo "1989"]
[BlackElo "1867"]
[PlyCount "73"]
[GameId "2160767911806365"]
[EventDate "1998.09.15"]
[EventType "tourn"]
[EventRounds "5"]
[EventCountry "CAN"]
[SourceTitle "EXT 2005"]
[Source "ChessBase"]
[SourceDate "2004.11.15"]
[SourceVersion "1"]
[SourceVersionDate "2004.11.15"]
[SourceQuality "1"]

1. e4 c5 2. Nf3 e6 3. d4 cxd4 4. Nxd4 Nf6 5. Bd3 Nc6 6. Be3 d5 7. Nxc6 bxc6 8. Nd2 Bb7 9. O-O Be7 10. e5 Nd7 11. f4 Bc5 12. Bf2 Qb6 13. b4 Bxf2+ 14. Rxf2 Ba6 15. Bxa6 Qxa6 16. c4 O-O 17. Qc2 f6 18. exf6 Rxf6 19. cxd5 cxd5 20. Qc7 Rf7 21. Rc1 Nf8 22. Qc6 Qxc6 23. Rxc6 Rb7 24. a3 a5 25. bxa5 Rb2 26. a6 Ra2 27. Nb1 Ra1 28. Rb2 Ra7 29. Kf2 Kf7 30. Rcb6 Kf6 31. g4 Nd7 32. Rb7 Rxb7 33. Rxb7 Nc5 34. a7 Nxb7 35. a8=Q Rxb1 36. Qf8+ Kg6 37. f5+ 1-0

[Event "Mario Desautels mem-A"]
[Site "Gatineau CAN"]
[Date "1998.09.29"]
[Round "3"]
[White "Gagnon, Fabien"]
[Black "Groleau, Gilles"]
[Result "1/2-1/2"]
[WhiteElo "2055"]
[BlackElo "1991"]
[PlyCount "52"]
[GameId "2160767911806367"]
[EventDate "1998.09.15"]
[EventType "tourn"]
[EventRounds "5"]
[EventCountry "CAN"]

1. d4 Nf6 2. Nf3 e6 3. e3 b6 4. Bd3 Bb7 5. Nbd2 d5 6. Ne5 Bd6 7. f4 Nbd7 8. Qf3 c5 9. c3 Qc7 10. O-O O-O 11. g4 Ne8 12. Qh3 g6 13. g5 Ng7 14. Qh6 Bxe5 15. fxe5 a5 16. Rf3 Rfc8 17. Rh3 Nf8 18. Nf3 Ba6 19. Bc2 Be2 20. Bd2 Nf5 21. Bxf5 exf5 22. Nh4 Bg4 23. Rg3 Qd7 24. Ng2 Ne6 25. Re1 Qe7 26. h4 Bh5 1/2-1/2

[Event "Mario Desautels mem-A"]
[Site "Gatineau CAN"]
[Date "1998.10.06"]
[Round "4"]
[White "Arsenault, Michel"]
[Black "Groleau, Gilles"]
[Result "1/2-1/2"]
[WhiteElo "1867"]
[BlackElo "1991"]
[PlyCount "89"]
[GameId "2160767911806369"]
[EventDate "1998.09.15"]
[EventType "tourn"]
[EventRounds "5"]
[EventCountry "CAN"]

1. c4 Nf6 2. g3 e6 3. b3 c5 4. Bg2 Be7 5. Bb2 O-O 6. Nf3 d6 7. O-O Qc7 8. e3 Nbd7 9. d3 b6 10. e4 Bb7 11. Nbd2 Rfd8 12. Qe2 a6 13. Nh4 Ne8 14. f4 Bf6 15. Bxf6 Nexf6 16. g4 Ne8 17. Rf2 Nf8 18. f5 Qe7 19. fxe6 fxe6 20. Raf1 Nd7 21. Nhf3 Nc7 22. e5 dxe5 23. Nxe5 Bxg2 24. Kxg2 Nxe5 25. Qxe5 Rf8 26. Rxf8+ Rxf8 27. Rxf8+ Kxf8 28. Ne4 Ne8 29. Ng5 h6 30. Nxe6+ Kg8 31. Qf5 Nd6 32. Qd5 Kh7 33. d4 cxd4 34. b4 Ne8 35. c5 Nf6 36. Qd6 Qxd6 37. cxd6 d3 38. Kf3 Kg8 39. h3 Kf7 40. Nd4 g6 41. a3 Nd5 42. d7 Ke7 43. Nc6+ Kxd7 44. Ne5+ Ke6 45. Nxd3 1/2-1/2

[Event "Mario Desautels mem-A"]
[Site "Gatineau CAN"]
[Date "1998.10.06"]
[Round "4"]
[White "Cote, Jacques"]
[Black "Duquette, Patrick"]
[Result "1-0"]
[WhiteElo "1988"]
[BlackElo "1913"]
[PlyCount "57"]
[GameId "2160767911806370"]
[EventDate "1998.09.15"]
[EventType "tourn"]
[EventRounds "5"]
[EventCountry "CAN"]

1. e4 c5 2. Nf3 d6 3. d4 cxd4 4. Qxd4 Bd7 5. Bg5 Nc6 6. Qd1 g6 7. c3 Bg7 8. Nbd2 Nf6 9. Bd3 Ng4 10. Nc4 b5 11. Nxd6+ Kf8 12. Nxb5 Qb6 13. Qe2 Nce5 14. Nxe5 Nxe5 15. a4 a6 16. Be3 Qb7 17. Nd4 Nxd3+ 18. Qxd3 Qxb2 19. Rb1 Qa3 20. O-O Qd6 21. a5 Qc7 22. Rb6 e5 23. Nb3 Bb5 24. Bc5+ Qxc5 25. Nxc5 Bxd3 26. Nxd3 Ke7 27. Nb4 Rhc8 28. Rd1 Rxc3 29. Nd5+ 1-0

[Event "Mario Desautels mem-A"]
[Site "Gatineau CAN"]
[Date "1998.10.06"]
[Round "4"]
[White "Laurin, Jacques"]
[Black "Gagnon, Fabien"]
[Result "1-0"]
[WhiteElo "1929"]
[BlackElo "2055"]
[PlyCount "69"]
[GameId "2160767911806371"]
[EventDate "1998.09.15"]
[EventType "tourn"]
[EventRounds "5"]
[EventCountry "CAN"]

1. c4 Nf6 2. Nc3 g6 3. g3 Bg7 4. Bg2 O-O 5. d4 c6 6. e4 d6 7. Nge2 Nbd7 8. O-O e5 9. Be3 Ng4 10. Nc1 Nxe3 11. fxe3 Qg5 12. Rf3 Nb6 13. Qd3 Bg4 14. Rf2 Bh6 15. Bf3 Bh3 16. Nd1 Nd7 17. Re2 f5 18. Nf2 Bg4 19. h4 Qh5 20. Nxg4 fxg4 21. Bg2 Rf6 22. Qb3 b6 23. Nd3 Kh8 24. Qc3 Raf8 25. dxe5 dxe5 26. Rd1 Rf3 27. Nf4 Bxf4 28. gxf4 Nc5 29. f5 Nxe4 30. Qxe5+ Nf6 31. Rd8 Rxf5 32. Rxf8+ Kg7 33. Qc7+ Kh6 34. Rxf6 Qxh4 35. Rxg6+ 1-0

[Event "Mario Desautels mem-A"]
[Site "Gatineau CAN"]
[Date "1998.10.13"]
[Round "5"]
[White "Groleau, Gilles"]
[Black "Laurin, Jacques"]
[Result "1-0"]
[WhiteElo "1991"]
[BlackElo "1929"]
[PlyCount "41"]
[GameId "2160767911806372"]
[EventDate "1998.09.15"]
[EventType "tourn"]
[EventRounds "5"]
[EventCountry "CAN"]

1. e4 c5 2. Nf3 d6 3. Bb5+ Nc6 4. O-O Bd7 5. Re1 e6 6. c3 Nge7 7. d4 a6 8. Bf1 cxd4 9. cxd4 d5 10. Nc3 dxe4 11. Nxe4 Nd5 12. Qb3 Na5 13. Qxd5 Qb6 14. Qe5 f6 15. Nxf6+ gxf6 16. Qxf6 Rg8 17. Ng5 Rg6 18. Qf7+ Kd8 19. Qxf8+ Kc7 20. Bf4+ Kc6 21. Qd6# 1-0

[Event "Mario Desautels mem-A"]
[Site "Gatineau CAN"]
[Date "1998.10.31"]
[Round "5"]
[White "Gagnon, Fabien"]
[Black "Cote, Jacques"]
[Result "1/2-1/2"]
[WhiteElo "2055"]
[BlackElo "1988"]
[PlyCount "64"]
[GameId "2160767911806373"]
[EventDate "1998.09.15"]
[EventType "tourn"]
[EventRounds "5"]
[EventCountry "CAN"]

1. Nf3 f5 2. c4 Nf6 3. Nc3 e6 4. g3 d5 5. cxd5 exd5 6. Bg2 c6 7. O-O Bd6 8. d4 O-O 9. Bf4 Bxf4 10. gxf4 Ne4 11. e3 Nd7 12. Nxe4 fxe4 13. Ne5 Rf5 14. f3 Nxe5 15. fxe5 Qg5 16. f4 Qh4 17. Qe1 Qg4 18. Qg3 Rh5 19. Rac1 Bd7 20. Rf2 Rf8 21. Qxg4 Bxg4 22. b4 a6 23. a4 Bd7 24. Bf1 Kf7 25. b5 axb5 26. axb5 Ra8 27. bxc6 bxc6 28. Rg2 Ra3 29. Rg3 Ra2 30. Rg2 Ra3 31. Rg3 Ra2 32. Rg2 Ra3 1/2-1/2

[Event "Mario Desautels mem-B"]
[Site "Gatineau CAN"]
[Date "1998.09.15"]
[Round "1"]
[White "Lacourse, Guy"]
[Black "Beaudet, Jean-Luc"]
[Result "0-1"]
[WhiteElo "1592"]
[BlackElo "1789"]
[PlyCount "52"]
[GameId "2160767911806374"]
[EventDate "1998.09.15"]
[EventType "swiss"]
[EventRounds "5"]
[EventCountry "CAN"]

1. d4 Nf6 2. c4 e6 3. Nc3 d5 4. Bg5 Be7 5. e3 Nbd7 6. Nf3 O-O 7. Rc1 c6 8. Bd3 dxc4 9. Bxc4 h6 10. Bxf6 Bxf6 11. O-O Nb6 12. Bb3 Re8 13. Ne4 Nd5 14. Nxf6+ Nxf6 15. a3 Qd6 16. Ba2 b6 17. Ne5 Bb7 18. Qc2 Rac8 19. f3 c5 20. Nc4 Qe7 21. dxc5 Rxc5 22. b4 Rc7 23. Qb2 Rec8 24. e4 Ba6 25. e5 Nd5 26. Qd4 b5 0-1

[Event "Mario Desautels mem-B"]
[Site "Gatineau CAN"]
[Date "1998.09.15"]
[Round "1"]
[White "Thomann, Olivier"]
[Black "Lavergne, Daniel"]
[Result "1/2-1/2"]
[WhiteElo "1773"]
[BlackElo "1392"]
[PlyCount "66"]
[GameId "2160767911806375"]
[EventDate "1998.09.15"]
[EventType "swiss"]
[EventRounds "5"]
[EventCountry "CAN"]

1. e4 c5 2. Nf3 d6 3. d4 cxd4 4. Nxd4 Nf6 5. Nc3 g6 6. Be3 Bg7 7. f3 Nc6 8. Bc4 Qb6 9. Bb3 Nxe4 10. Nd5 Qa5+ 11. c3 Nf6 12. Nxf6+ Bxf6 13. Qd2 O-O 14. O-O-O Nxd4 15. Bxd4 Be6 16. Bxf6 Bxb3 17. axb3 exf6 18. Qxd6 Qg5+ 19. Qd2 Qxd2+ 20. Rxd2 Rfe8 21. Rhd1 Re7 22. Rd8+ Rxd8 23. Rxd8+ Kg7 24. Kd2 f5 25. Rd6 g5 26. g3 h5 27. h3 g4 28. fxg4 fxg4 29. h4 f6 30. Rd5 Kg6 31. Rd8 Re5 32. Rg8+ Kf5 33. Rg7 Rb5 1/2-1/2

[Event "Mario Desautels mem-B"]
[Site "Gatineau CAN"]
[Date "1998.09.22"]
[Round "2"]
[White "Christopher, Roger"]
[Black "Thomann, Olivier"]
[Result "0-1"]
[WhiteElo "1219"]
[BlackElo "1773"]
[PlyCount "78"]
[GameId "2160767911806376"]
[EventDate "1998.09.15"]
[EventType "swiss"]
[EventRounds "5"]
[EventCountry "CAN"]

1. e4 e5 2. Nf3 Nc6 3. c3 Nf6 4. Qc2 Bc5 5. b4 Bd6 6. Bc4 O-O 7. a4 a5 8. b5 Ne7 9. Ba3 Bxa3 10. Rxa3 d6 11. h3 Ng6 12. O-O Nf4 13. Ba2 Nd7 14. d4 Qf6 15. Kh2 Nxh3 16. gxh3 Qxf3 17. Re1 Nb6 18. Re3 Qf6 19. dxe5 dxe5 20. c4 c5 21. Rg3 Rd8 22. Nc3 Rd4 23. Nd5 Nxd5 24. cxd5 Qf4 25. Raf3 Qxe4 26. Qxc5 Rxa4 27. Qe7 Bf5 28. Qxb7 Rc8 29. Bb3 Ra1 30. Qb6 Qe1 31. Rxg7+ Kxg7 32. Rg3+ Bg6 33. Rg2 Qh1+ 34. Kg3 Rg1 35. Rxg1 Rc3+ 36. Qe3 Qxg1+ 37. Kh4 Rxe3 38. fxe3 Kf6 39. b6 Qg5# 0-1

[Event "Mario Desautels mem-B"]
[Site "Gatineau CAN"]
[Date "1998.09.22"]
[Round "2"]
[White "Hebert, Yves"]
[Black "Lacourse, Guy"]
[Result "0-1"]
[WhiteElo "1294"]
[BlackElo "1538"]
[PlyCount "94"]
[GameId "2160767911806377"]
[EventDate "1998.09.15"]
[EventType "swiss"]
[EventRounds "5"]
[EventCountry "CAN"]

1. c4 Nf6 2. g3 g6 3. Bg2 c6 4. e4 Bg7 5. Nc3 O-O 6. Nge2 e5 7. O-O Na6 8. d3 d6 9. h3 Bd7 10. Rb1 Qc8 11. g4 Nc7 12. Ng3 Ne6 13. Nce2 Ne8 14. Be3 c5 15. Qd2 Nd4 16. Bxd4 cxd4 17. b4 Nc7 18. b5 b6 19. f4 exf4 20. Nxf4 Bh6 21. Qb2 Ne6 22. Nxe6 Be3+ 23. Kh2 fxe6 24. e5 Rb8 25. exd6 Qc5 26. Ne4 Qe5+ 27. Kh1 Rf4 28. Rxf4 Bxf4 29. Rf1 Rf8 30. Qe2 Bh6 31. Rf3 Bf4 32. Qf2 g5 33. Bf1 h6 34. h4 Kg7 35. hxg5 hxg5 36. Rh3 Rh8 37. Rxh8 Kxh8 38. Bh3 Kg7 39. Kg2 Bc8 40. Kf3 Bb7 41. d7 Qd6 42. Ke2 Bxe4 43. dxe4 d3+ 44. Kd1 Qxd7 45. Qb2+ e5 46. Bf1 Qxg4+ 47. Be2 Qg1+ 0-1

[Event "Mario Desautels mem-B"]
[Site "Gatineau CAN"]
[Date "1998.09.29"]
[Round "3"]
[White "Lacourse, Guy"]
[Black "Levesque, Andre"]
[Result "1-0"]
[WhiteElo "1592"]
[BlackElo "1255"]
[PlyCount "107"]
[GameId "2160767911806378"]
[EventDate "1998.09.15"]
[EventType "swiss"]
[EventRounds "5"]
[EventCountry "CAN"]

1. d4 d5 2. Nf3 e6 3. c4 Nf6 4. Nc3 Bb4 5. Bg5 c6 6. cxd5 cxd5 7. Qa4+ Nc6 8. Ne5 Bxc3+ 9. bxc3 Bd7 10. Nxd7 Qxd7 11. Bxf6 gxf6 12. e3 O-O-O 13. Rb1 Qd6 14. Be2 Rd7 15. O-O Kd8 16. Rfc1 Ke7 17. c4 dxc4 18. Rxc4 a6 19. Rb6 Rc8 20. Bf3 Rdc7 21. g3 Kf8 22. Qc2 Kg7 23. Bxc6 Rxc6 24. Rcxc6 Rxc6 25. Rxc6 Qxc6 26. Qxc6 bxc6 27. Kf1 e5 28. Ke2 Kf8 29. Kd3 Ke7 30. Kc4 Kd6 31. dxe5+ fxe5 32. e4 a5 33. a4 h6 34. f4 exf4 35. gxf4 f6 36. h3 h5 37. h4 Kc7 38. Kc5 Kd7 39. e5 fxe5 40. fxe5 Ke6 41. Kxc6 Kxe5 42. Kb5 Kf5 43. Kxa5 Kg4 44. Kb4 Kxh4 45. a5 Kg3 46. a6 h4 47. a7 h3 48. a8=Q h2 49. Kc3 Kf2 50. Qh1 Kg3 51. Kd3 Kh3 52. Ke3 Kg3 53. Qf3+ Kh4 54. Kf4 1-0

[Event "Mario Desautels mem-B"]
[Site "Gatineau CAN"]
[Date "1998.10.06"]
[Round "4"]
[White "Legault, Stephane"]
[Black "Lacourse, Guy"]
[Result "1-0"]
[WhiteElo "1447"]
[BlackElo "1592"]
[PlyCount "119"]
[GameId "2160767911806379"]
[EventDate "1998.09.15"]
[EventType "swiss"]
[EventRounds "5"]
[EventCountry "CAN"]

1. c4 Nf6 2. d4 c6 3. g3 g6 4. Bg2 d5 5. c5 b6 6. cxb6 axb6 7. Nf3 Bg7 8. O-O c5 9. dxc5 bxc5 10. Ng5 Bb7 11. Qb3 Qc8 12. Nc3 h6 13. Nxf7 Kxf7 14. Bxd5+ Bxd5 15. Nxd5 Qe6 16. Rd1 Rd8 17. e4 Nxe4 18. Qf3+ Qf5 19. Qxf5+ gxf5 20. Be3 Bxb2 21. Rab1 Rxd5 22. Rxd5 Nc3 23. Rxf5+ Kg6 24. Rxb2 Kxf5 25. Bxc5 Nxa2 26. Bxe7 Nc6 27. Bc5 Nc3 28. Kg2 Ne4 29. Be3 Ne7 30. Rb5+ Kg6 31. Re5 Nxf2 32. Rxe7 Ng4 33. h3 Ra2+ 34. Kf3 Kf6 35. Bc5 Ne5+ 36. Ke3 Ng6 37. Rh7 Ra5 38. Bd4+ Kg5 39. Bg7 Ra3+ 40. Kf2 Ra2+ 41. Kg1 h5 42. Bh6+ Kf5 43. Rf7+ Ke4 44. Rf6 Ne5 45. Rf4+ Kd3 46. Bg7 Nc4 47. Rd4+ Ke3 48. Rxc4 Kf3 49. Rc3+ Ke4 50. Bh6 Ra1+ 51. Bc1 Kd4 52. Rc8 Kd3 53. Kf2 Ke4 54. Re8+ Kf5 55. Re1 Ra2+ 56. Kf3 Rc2 57. Be3 Rc3 58. Rb1 h4 59. g4+ Kg6 60. Rb5 1-0

[Event "Mario Desautels mem-B"]
[Site "Gatineau CAN"]
[Date "1998.10.13"]
[Round "5"]
[White "Gaudet, Alain"]
[Black "Thomann, Olivier"]
[Result "0-1"]
[WhiteElo "1641"]
[BlackElo "1773"]
[PlyCount "34"]
[GameId "2160767911806380"]
[EventDate "1998.09.15"]
[EventType "swiss"]
[EventRounds "5"]
[EventCountry "CAN"]

1. e4 e5 2. Nf3 Nc6 3. Bc4 Bc5 4. c3 Nf6 5. O-O d6 6. d4 exd4 7. cxd4 Bb6 8. Nc3 Bg4 9. Bb5 O-O 10. Bxc6 bxc6 11. e5 dxe5 12. dxe5 Nd5 13. Bg5 Bxf3 14. Bxd8 Bxd1 15. Nxd5 cxd5 16. Be7 Be2 17. Rfe1 Rfe8 0-1

[Event "Mario Desautels mem-B"]
[Site "Gatineau CAN"]
[Date "1998.10.13"]
[Round "5"]
[White "Lacourse, Guy"]
[Black "Dupont, Claude"]
[Result "1-0"]
[WhiteElo "1538"]
[BlackElo "1325"]
[PlyCount "39"]
[GameId "2160767911806381"]
[EventDate "1998.09.15"]
[EventType "swiss"]
[EventRounds "5"]
[EventCountry "CAN"]

1. d4 d5 2. c4 Nf6 3. cxd5 Qxd5 4. Nc3 Qd6 5. e4 e5 6. Qc2 exd4 7. Nb5 Qb4+ 8. Bd2 Qe7 9. Nxc7+ Kd8 10. f3 Bf5 11. Nxa8 Nc6 12. Rc1 Bxe4 13. fxe4 Nxe4 14. Ne2 Qh4+ 15. g3 Qf6 16. Qxe4 Bd6 17. Bh3 Qe7 18. Qd5 Re8 19. O-O Qxe2 20. Qxd6# 1-0

[Event "Masters invitational"]
[Site "Winnipeg CAN"]
[Date "1998.08.14"]
[Round "1"]
[White "Baragar, Fletcher"]
[Black "Kollar, Frank"]
[Result "1/2-1/2"]
[WhiteElo "2360"]
[BlackElo "2233"]
[PlyCount "91"]
[GameId "2160767911806506"]
[EventDate "1998.08.14"]
[EventType "tourn"]
[EventRounds "8"]
[EventCountry "CAN"]

1. c4 Nf6 2. d4 c5 3. d5 b5 4. Nf3 d6 5. Qc2 bxc4 6. e4 g6 7. Bxc4 Bg7 8. O-O O-O 9. Nc3 Bg4 10. Nd2 Bc8 11. Re1 Na6 12. h3 Rb8 13. Nf3 Nd7 14. Bf4 Qa5 15. Rab1 Nb4 16. Qa4 Qxa4 17. Nxa4 Nc2 18. Rec1 Nd4 19. Nxd4 Bxd4 20. a3 Ne5 21. Bxe5 Bxe5 22. Nc3 Bd7 23. b3 f5 24. Bd3 f4 25. f3 Rfc8 26. Kf2 Kg7 27. Ke2 Kf6 28. Kd2 Bd4 29. Kc2 Rc7 30. Bc4 Ke5 31. Ne2 Be3 32. Rd1 g5 33. Kd3 h5 34. Rh1 Rcb7 35. Kc2 Rb6 36. Rhd1 a6 37. Rh1 Bb5 38. Kd3 Ba4 39. Kc2 Bd7 40. Kd3 Bb5 41. Rhd1 Be8 42. Kc2 a5 43. a4 Bd4 44. Nxd4 cxd4 45. Ra1 Rb4 46. Kd3 1/2-1/2

[Event "Masters invitational"]
[Site "Winnipeg CAN"]
[Date "1998.08.14"]
[Round "1"]
[White "Prystenski, Arthur"]
[Black "Henson, Joshua"]
[Result "1-0"]
[WhiteElo "2210"]
[BlackElo "2035"]
[PlyCount "49"]
[GameId "2160767911806507"]
[EventDate "1998.08.14"]
[EventType "tourn"]
[EventRounds "8"]
[EventCountry "CAN"]

1. d4 f5 2. Bg5 g6 3. h4 Bg7 4. Nc3 Nf6 5. Bxf6 Bxf6 6. e4 d6 7. Bc4 c6 8. Nf3 e5 9. dxe5 dxe5 10. Qxd8+ Kxd8 11. O-O-O+ Ke7 12. h5 b5 13. Nxb5 fxe4 14. Nh2 Ba6 15. Nd6 Bg5+ 16. Kb1 e3 17. fxe3 Bxe3 18. Ng4 Bd4 19. Bxa6 Nxa6 20. Nc4 gxh5 21. Rxh5 Rad8 22. c3 Bb6 23. Rxe5+ Kf7 24. Rf1+ Kg6 25. Rf6+ 1-0

[Event "Masters invitational"]
[Site "Winnipeg CAN"]
[Date "1998.08.14"]
[Round "1"]
[White "Rasmussen, Barry"]
[Black "Gentes, Kevin"]
[Result "0-1"]
[WhiteElo "2195"]
[BlackElo "2378"]
[PlyCount "74"]
[GameId "2160767911806508"]
[EventDate "1998.08.14"]
[EventType "tourn"]
[EventRounds "8"]
[EventCountry "CAN"]

1. e4 c5 2. Nf3 d6 3. d4 cxd4 4. Nxd4 Nf6 5. Nc3 a6 6. f4 e6 7. Qf3 Qb6 8. Nb3 Nc6 9. Be3 Qc7 10. Bd3 Be7 11. O-O O-O 12. Kh1 b5 13. Qh3 g6 14. g4 Re8 15. f5 Ne5 16. g5 Nfg4 17. f6 Nxe3 18. Qxe3 Bf8 19. h4 Bb7 20. h5 b4 21. Ne2 d5 22. hxg6 dxe4 23. gxh7+ Kh8 24. Bb5 axb5 25. Nf4 Nc4 26. Qh3 e3+ 27. Kg1 Qe5 28. Qh5 e2 29. Nxe2 Qe4 30. Nf4 Ne5 31. Rae1 Nf3+ 32. Rxf3 Qxf3 33. Qxf7 Qg3+ 34. Kf1 Qxf4+ 35. Ke2 Bf3+ 36. Kd3 Rad8+ 37. Nd4 Rxd4# 0-1

[Event "Masters invitational"]
[Site "Winnipeg CAN"]
[Date "1998.08.15"]
[Round "2"]
[White "Gentes, Kevin"]
[Black "Kollar, Frank"]
[Result "1-0"]
[WhiteElo "2378"]
[BlackElo "2233"]
[PlyCount "59"]
[GameId "2160767911806509"]
[EventDate "1998.08.14"]
[EventType "tourn"]
[EventRounds "8"]
[EventCountry "CAN"]

1. g3 Nf6 2. Bg2 e5 3. c4 Bc5 4. Nc3 O-O 5. e3 c6 6. Nge2 d6 7. d4 Bb6 8. O-O Bg4 9. h3 Bxe2 10. Nxe2 Nbd7 11. Nc3 Ba5 12. Qc2 Qe7 13. b3 Bxc3 14. Qxc3 e4 15. Ba3 Rfd8 16. Rad1 a5 17. Qc2 b5 18. d5 b4 19. dxc6 Nc5 20. Bb2 Rac8 21. Bxf6 gxf6 22. Rd5 Rxc6 23. Rfd1 Qe6 24. g4 h6 25. R1d4 Re8 26. Rf5 Rc7 27. Rf4 Rce7 28. Qd1 Rd8 29. Rd5 Kg7 30. Rxc5 1-0